Eastern Utah Libraries Catalog: Duchesne, Heber, Roosevelt, & Vernal

Trust no one / (Record no. 85286)

MARC details
000 -LEADER
fixed length control field 01646pam a2200469 a 4500
001 - CONTROL NUMBER
control field z9mscp b5833748
005 - DATE AND TIME OF LATEST TRANSACTION
control field 20241220132557.0
008 - FIXED-LENGTH DATA ELEMENTS--GENERAL INFORMATION
fixed length control field 121116s2012 nyua c 000 1 eng d
020 ## - INTERNATIONAL STANDARD BOOK NUMBER
International Standard Book Number 9780545298438 (trade)
-- $8.75
020 ## - INTERNATIONAL STANDARD BOOK NUMBER
International Standard Book Number 0545298431
035 ## - SYSTEM CONTROL NUMBER
System control number (IMchF)fol14186820
040 ## - CATALOGING SOURCE
Original cataloging agency ICrlF
Language of cataloging eng
Transcribing agency ICrlF
Modifying agency ICrlF
-- LCPL
Description conventions rda
082 04 - DEWEY DECIMAL CLASSIFICATION NUMBER
Classification number [Fic]
Edition number 23
092 ## - LOCALLY ASSIGNED DEWEY CALL NUMBER (OCLC)
Classification number F
100 1# - MAIN ENTRY--PERSONAL NAME
Personal name Park, Linda Sue.
Relator term author
9 (RLIN) 47648
245 10 - TITLE STATEMENT
Title Trust no one /
Statement of responsibility, etc Linda Sue Park.
250 ## - EDITION STATEMENT
Edition statement 1st ed.
264 #1 - Production, Publication, Distribution, Manufacture, and Copyright Notice.
Place of production, publication, distribution, manufacture New York :
Name of producer, publisher, distributor, manufacturer Scholastic,
Date of production, publication, distribution, manufacture, or copyr 2012.
300 ## - PHYSICAL DESCRIPTION
Extent 190 pages :
Other physical details illustrations ;
Dimensions 20 cm.
336 ## - Content Type
Content type term text
337 ## - Media type
Media type term unmediated
338 ## - Carrier type
Carrier type term volume
490 1# - SERIES STATEMENT
Series statement 39 clues. Cahills vs. Vespers ;
Volume number/sequential designation bk. 5.
500 ## - GENERAL NOTE
General note May include trading cards.
520 ## - SUMMARY, ETC.
Summary, etc Siblings Amy and Dan must find out who the Vesper mole is in their innermost circle.
521 0# - TARGET AUDIENCE NOTE
Target audience note 4.8
Source Follett Library Resources.
521 2# - TARGET AUDIENCE NOTE
Target audience note 3-6
Source Follett Library Resources.
521 2# - TARGET AUDIENCE NOTE
Target audience note 3-6.
650 #0 - SUBJECT ADDED ENTRY--TOPICAL TERM
Topical term or geographic name as entry element Orphans
Form subdivision Juvenile fiction.
9 (RLIN) 5673937
650 #0 - SUBJECT ADDED ENTRY--TOPICAL TERM
Topical term or geographic name as entry element Families
Form subdivision Juvenile fiction.
9 (RLIN) 5674031
650 #0 - SUBJECT ADDED ENTRY--TOPICAL TERM
Topical term or geographic name as entry element Genealogy
Form subdivision Juvenile fiction.
9 (RLIN) 5735053
650 #0 - SUBJECT ADDED ENTRY--TOPICAL TERM
Topical term or geographic name as entry element Orphans
Form subdivision Fiction.
9 (RLIN) 5673861
650 #0 - SUBJECT ADDED ENTRY--TOPICAL TERM
Topical term or geographic name as entry element Families
Form subdivision Fiction.
9 (RLIN) 5674501
650 #0 - SUBJECT ADDED ENTRY--TOPICAL TERM
Topical term or geographic name as entry element Genealogy
Form subdivision Fiction.
9 (RLIN) 5710816
650 #1 - SUBJECT ADDED ENTRY--TOPICAL TERM
Topical term or geographic name as entry element Family life
Form subdivision Fiction.
9 (RLIN) 5674038
650 #1 - SUBJECT ADDED ENTRY--TOPICAL TERM
Topical term or geographic name as entry element Mystery and detective stories.
655 #7 - INDEX TERM--GENRE/FORM
Genre/form data or focus term Cryptologic fiction.
Source of term lcgft
9 (RLIN) 5759809
655 #7 - INDEX TERM--GENRE/FORM
Genre/form data or focus term Detective and mystery fiction.
Source of term lcgft
9 (RLIN) 5683641
830 #0 - SERIES ADDED ENTRY--UNIFORM TITLE
Uniform title 39 clues.
Name of part/section of a work Cahills vs. Vespers ;
Volume number/sequential designation bk. 5.
9 (RLIN) 6229847
907 ## - LOCAL DATA ELEMENT G, LDG (RLIN)
a .b294392312
942 ## - ADDED ENTRY ELEMENTS (KOHA)
Source of classification or shelving scheme Dewey Decimal Classification
Koha item type BOOK
Holdings
Withdrawn status Lost status Source of classification or shelving scheme Damaged status Not for loan Collection code Home library Current library Shelving location Date acquired Cost, normal purchase price Serial Enumeration / chronology Total Checkouts Total Renewals Full call number Barcode Date last seen Date checked out Cost, replacement price Price effective from Koha item type
    Dewey Decimal Classification     Junior Fiction Wasatch County Library Wasatch County Library Main Floor Junior Area 01/22/2013 12.99 #5 Cahills vs. Vespers 23 8 J 39 Clues 34301001100983 02/23/2024 11/28/2023 12.99 03/20/2020 BOOK
This project was made possible through a grant from the Institute of Museum and Library Service administered by the Utah State Library Division.

Wasatch County Library

  • 465 East 1200 South, Heber City, Utah 84032
  • Phone 435-654-1511 | Fax 435-654-6456

Hours

  • Monday - Friday 9:30 AM - 8:00 PM
  • Saturday 9:30 AM - 1:30 PM
  • Closed Sundays and Holidays